Statistics for Extremely Hard General Knowledge #31

Click here to take the quiz!

General Stats

  • This quiz has been taken 242 times
  • The average score is 4 of 20

Answer Stats

HintAnswer% Correct
Which city is home to the Mount of Olives?Jerusalem
56%
In which year did Robert Mugabe become Prime Minister of Zimbabwe?1980
48%
In 1994, who won the Oscar for Best Original Song for 'Streets of Philadelphia' which featured in Philadelphia (1993)?Bruce Springsteen
37%
Which Russian composers works included the 20th century ballets The Firebird, Petrushka and The Rite of SpringIgor Stravinsky
34%
Which French feminist wrote "The Second Sex", a book about the treatment of women in history which was published in 1949?Simone de Beauvoir
34%
Slivovitz is a brandy originating in Eastern Europe made from which fruit?Plum
33%
In which English city would you find the oldest theatre in Britain, The Old Vic Theatre which was built in 1766?Bristol
25%
Which American rapper had 4 UK Number One's including 'Dilemma', 'Over and Over' and 'Nasty Girl'?Nelly
24%
Who starred as Judy in Rebel Without a Cause (1955)?Natalie Wood
17%
What is the UK Telephone STD call for the City of Birmingham?0121
14%
In which year did Leonardo Da Vinci start painting the Mona Lisa?1503
11%
Who became the first Japanese man to win a golf major when he won the 2021 Masters?Hideki Matsuyama
11%
In Irish Gaelic, what is the name of the accent to a right-slanting line placed over a vowel?Fada
8%
What is the name of the tallest mountain in the Rocky Mountains?Mt. Elbert
8%
In Greek Mythology, who is the goddess of youth?Hebe
7%
Who became the first woman to win the Grand National when she rode Minella Times in 2021?Rachael Blackmore
7%
What was the name of the Earl of Mercia that Lady Godiva married in the 11th century?Leofric
6%
What was the name of the first ship to sail through the Panama Canal?SS Ancon
3%
In 1942 who became the first castaway on the BBC Radio programme Desert Island Discs ?Vic Oliver
3%
What was the name of the autobiography written by Graham Norton which was published in 2014?The Life and Loves of a He Devil
2%

Score Distribution

Percentile by Number Answered

Percent of People with Each Score

Your Score History

You have not taken this quiz